LEADER 01358nas a2200265 i 4500 001 000000252517 003 CaOOAMICUS 005 20170321000000.0 008 170113b2016 it uu u0 0ita r 013 $a231422 020 $a978-88-205-1088-6 040 $aSeMil$bita 245 10$a2016. 260 $aMilano :$bCisalpino, Istituto Editoriale Universitario-Monduzzi Ed.,$ccopyr. 2016. 300 $a459 p. :$bill., tabelle ;$c24 cm. 500 $aContiene : Atti della Società Storica Lombarda 2015-2016. - Sul verso del front. : Questo numero della rivista è stato realizzato grazie all'appoggio affezionato degli "Amici dell'Archivio Storico Lombardo" ... e con il sostegno di Intesa San Paolo. - Articoli con sintesi in inglese [Abstract] in coda. 700 1 $aGruppo Intesa San Paolo.$0(OLS)http://semarc/name/78806 700 1 $aAmici dell'Archivio Storico Lombardo .$0(OLS)http://semarc/name/68557 774 0 $t[vedi periodico].$w()290104 850 $aSeMil 852 $aSeMil$W1$xVenegono$y1$m1 6 22$j202863$B202863$CSeMilBibl$Z2$F217091 $85 961 $aCambio: Scuola Cattolica 996 $6020$a978-88-205-1088-6$9(OLS)http://semarc/number/274890 996 $6245$a2016$9(OLS)http://semarc/title/349576 996 $6260$aMilano :$bCisalpino, Istituto Editoriale Universitario-Monduzzi Ed.$9(OLS)http://semarc/publisher/44157 LEADER 00950nam a2200229 i 4500 001 000000184646 003 CaOOAMICUS 005 20100114000000.0 008 100114s1966 it u000 u ita u 013 $a162628 040 $aSeMil$bita 100 1 $aFoffano, Ottorino.$0(OLS)http://semarc/name/39522 245 10$aServo di Dio don Giovanni Calabria /$cOttorino Foffano. 250 $a3. ed. riveduta a cura della Postulazione della causa. 260 $aVerona :$bCasa Buoni Fanciulli,$cstampa 1966. 300 $aXII, 347 p., [81] p. di tav. ;$c23 cm. 600 14$aCalabria, Giovanni .$0(OLS)http://semarc/subject/7374 850 $aSeMil 852 $aSeMil$W1$xVenegono$y1$m3H III 187$j135342$B135342$CSeMilBibl$Z2$F146908 $81 961 $aOmaggio: Altro 996 $6245$aServo di Dio don Giovanni Calabria$9(OLS)http://semarc/title/265102 996 $6260$aVerona :$bCasa Buoni Fanciulli$9(OLS)http://semarc/publisher/35862